000 00249nam a2200121 i 4500
001 bg
245 0 _aNejtronnaja fizyka.
260 _aMoskva,
_c1961.
040 _cBPK
041 _apol
942 _cKS
008 s pl f |000 0 pol
999 _c12704
_d12704
856 _uhttp://koha.tu.koszalin.pl/cgi-bin/koha/opac-detail.pl?biblionumber=12704
_yKatalog online BPK